| 000 | 01153nam a2200301Ia 4500 | ||
|---|---|---|---|
| 001 | Para_1181 | ||
| 003 | CHAP | ||
| 008 | 220125s1997 xx 000 0 und d | ||
| 010 | _a199907 | ||
| 040 | _cCHAP | ||
| 090 | _aPA TESIS 1147 | ||
| 100 |
_aLiria Borja, Pedro Lázaro _9164973 |
||
| 245 |
_aRespuesta de cinco veriedades de papa (solanum tuberosum L.), tratadas con una dosis de fostiazate a tres niveles de inóculo de Glodobera rostochiensis (Woll, 1923), Mulvey y Stone, 1976, en invernadero / _c por Pedro Lazaro liria Borja y Jesús López López |
||
| 260 |
_aChapingo, Méx. : _b El autor |
||
| 300 | _a65 h. | ||
| 502 | _aTesis (Ing. Agr. Esp. en Parasitología Agrícola), UACh. Depto. Parasitología | ||
| 650 |
_aGlodobera rostochiensis _9164867 |
||
| 650 |
_aPapa _x variedades resistentes a enfermedades _985301 |
||
| 700 |
_aLópez López, Jesús _968039 |
||
| 710 |
_aUACh. Departamento Parasitología Agrícola _9164025 |
||
| 901 | _aPA TESIS 1147 | ||
| 902 | _aA | ||
| 905 | _a0000001997 a 0000000000 00 | ||
| 910 | _a1997 | ||
| 942 | _cPARA | ||
| 942 |
_cPARA _d1 |
||
| 999 |
_c199907 _d199907 |
||